Ekonomika podniku základní oblasti

Na minha lista:
Detalhes bibliográficos
Autor principal: Hálová, Pavlína
Outros Autores: Slaboch, Josef, Žídková, Dana
Formato: Livro
Idioma:tcheco
Publicado em: Plzeň Vydavatelství a nakladatelství Aleš Čeněk 2025
Assuntos:
Tags: Adicionar Tag
Sem tags, seja o primeiro a adicionar uma tag!

MARC

LEADER 00000nam a2200000 4500
001 0310861
005 20250724115239.3
020 |a 978-80-7380-971-3 
041 0 |a cze 
044 |a CZ 
245 1 0 |a Ekonomika podniku  |b základní oblasti  |c Pavlína Hálová, Josef Slaboch, Dana Žídková 
264 1 |a Plzeň  |b Vydavatelství a nakladatelství Aleš Čeněk  |c 2025 
300 |a 237 s. 
610 2 0 |a hospodárstvo podnikové 
610 2 0 |a majetok podnikový 
610 2 0 |a kapitál podnikový 
610 2 0 |a výnosy podnikové 
610 2 0 |a náklady 
610 2 0 |a výsledok hospodársky 
610 2 0 |a cash flow 
610 2 0 |a analýza finančná 
610 2 0 |a investovanie 
610 2 0 |a odmeňovanie 
100 1 |a Hálová, Pavlína 
700 1 |a Slaboch, Josef 
700 1 |a Žídková, Dana